Dějiny skandinávských zemí

Salvato in:
Dettagli Bibliografici
Natura: Libro
Lingua:ceco
Pubblicazione: Praha Svoboda 1983
Tags: Aggiungi Tag
Nessun Tag, puoi essere il primo ad aggiungerne!!

MARC

LEADER 00000nam a2200000 4500
001 c133844
005 20250820091315.3
041 0 |a cze 
044 |a CZ 
245 1 0 |a Dějiny skandinávských zemí  |c A.S. Kan 
264 1 |a Praha  |b Svoboda  |c 1983 
300 |a 450 s.